Vista normal
Vista MARC
Entrada Corporate Name
Número de registros utilizados en: 1
001 - CONTROL NUMBER
- control field: 13990
003 - CONTROL NUMBER IDENTIFIER
- control field: OSt
005 - DATE AND TIME OF LATEST TRANSACTION
- control field: 20230915230242.0
008 - FIXED-LENGTH DATA ELEMENTS
- fixed length control field: 230915|| aca||aabn | a|a d
040 ## - CATALOGING SOURCE
- Original cataloging agency: OSt
- Transcribing agency: OSt
110 ## - HEADING--CORPORATE NAME
- Corporate name or jurisdiction name as entry element: Fundación para la conmemoración del bicentenario del Natalicio y el sesquicentenario de la muerte del General Francisco de Paula Santander
670 ## - SOURCE DATA FOUND
- Source citation: Work cat.: (OSt)21786: Fundación para la conmemoración del bicentenario del Natalicio y el sesquicentenario de la muerte del General Francisco de Paula Santander, Actas de la diputación permanente del congreso de Angostura 1820 - 1821, Banco de la Republica